Ekologický marketing bakalárska práca

Salvato in:
Dettagli Bibliografici
Autore principale: Hanko, Lukáš
Ente Autore: Obchodná fakulta EU. Katedra marketingu
Altri autori: Balhar, Vítězslav, Jr
Natura: Libro
Lingua:slovacco
Pubblicazione: Bratislava 2016
Tags: Aggiungi Tag
Nessun Tag, puoi essere il primo ad aggiungerne!!

MARC

LEADER 00000nbm a2200000 4500
001 0218752
005 20170120153152.7
041 0 |a slo 
044 |a SK 
245 1 0 |a Ekologický marketing  |b bakalárska práca  |c Lukáš Hanko ; školiteľ: Vítězslav Balhar 
264 1 |a Bratislava  |c 2016 
300 |a 49 s. 
100 1 |a Hanko, Lukáš 
700 1 |a Balhar, Vítězslav, Jr. 
710 2 |a Obchodná fakulta EU. Katedra marketingu